MDQL
is popping MORE tags! Check the
thread
!
Quizzes
Events
Quiz Creation
Community
Videos
Private Events
Remove Ads
Sign In
Join for FREE
Feedback
Dark Mode
Quiz Categories
Sports
Geography
Music
Movies
Television
Just For Fun
Miscellaneous
History
Literature
Language
Science
Gaming
Entertainment
Religion
Holiday
For Kids
Quiz Lab
Recent
Popular Today
Quiz Kudos Today
Editor Picks
Curator Picks
Quizzes by...
Day
Popularity
Type
Ratings
Length
Year
Community
Subscriptions
Recent Discussions
Orange Saloon
Badges
Playlists
Quests
Create
Leaderboards
Showdown
Live 5
Trivia Bingo
Activity
Puzzle Library
Sporcle Events
Private Events
Virtual Trivia
Globe League
Become a Host
Pub Owners
SporcleCon
Opinionation
Our Games
Videos
Blog
Mobile Apps
Partnerships
Remove Ads and Go Orange
Feedback
Just For Fun
Clickable
Get the Picture
Humor
Quick Pick
Word Ladder
Missing Word
Mixed Word
Blitz
Minefield
This or That
Alphabet
Color
Typing
Sporcle
Puzzle
Word Play
Follow That Line
Logic
Just For Fun
Clickable
Get the Picture
Humor
Quick Pick
Word Ladder
Missing Word
Mixed Word
Blitz
Minefield
This or That
Alphabet
Color
Typing
Sporcle
Puzzle
Word Play
Follow That Line
Logic
Random Quiz
Search Sporcle
×
Quiz Lab
Quiz Lab
Just For Fun
Celebrity
Type in answers that appear in a list
Type in answers that appear in a list
Classic
Best Score? Go Orange.
Celebrities A-Z Stats
Can you name the Celebrities A-Z?
By
mauratwestr
4m
25 Questions
119 Plays
119 Plays
119 Plays
Comments
Comments
Give Quiz Kudos
Give Quiz Kudos
-
- Ratings
hide this ad
More Info
Forced Order
Answers have to be entered in order
Answers have to be entered in order
Replay
Link that replays current quiz
Next Quiz
Link to next quiz in quiz playlist
You Got
0%
They Got
Avg Score
38%
Avg Friend Score
Upgrade to see
Score Distribution
Jump to the score distribution portion of the page
Score
0/25
Timer
04:00
0
Plays Today
Hint
Answer
% Correct
J-
King of Pop
Michael Jackson
80.7%
B-
Posh Spice
Victoria Beckham
77.3%
O-
Talk show host who has a magazine O
Oprah Winfrey
70.6%
K-
Actress; married to Tom Cruise
Katie Holmes
69.7%
L-
Cycler who battled testicular and brain cancer
Lance Armstrong
69.7%
E-
Troy in High School Musical
Zac Efron
66.4%
M-
Singer married to Nick Cannon
Mariah Carey
64.7%
V-
High School Musical star
Vanessa Hudgens
55.5%
U-
Country singer who sings 'Before he Cheats'
Carrie Underwood
54.6%
S-
Ross Geller in Friends
David Schwimmer
53.8%
T-
Actor who plays Jacob in Twilight
Taylor Lautner
52.1%
R-
Actress who died in 2009 from a skiing accident
Natasha Richardson
37.8%
A-
Runner up in American Idol 2009
Adam Lambert
34.5%
Hint
Answer
% Correct
Z-
J.D in Scrubs
Zac Braff
28.6%
G-
Project Runway mentor/
critic
Tim Gunn
23.5%
W-
Former Greys Anatomy actress; Now is on Private Practice
Kate Walsh
22.7%
I-
Pro dancer; judge on Dancing With the Stars
Carrie Ann Inaba
19.3%
H-
Husband of Kendra; Cults wide receiver
Hank Baskett
18.5%
Q-
Actor who is Sylar in Heroes
Zachary Quinto
13.4%
C-
Dectective Stabler on Law&Order SVU
Christopher Meloni
12.6%
P-
Host of Top Chef
Padma Lakshmi
12.6%
F-
New York Housewive
Bethenny Frankel
10.9%
D-
Pauly D on Jersey Shore
Paul DelVecchio
10.1%
N-
Octomom
Nadya Suleman
10.1%
Y-
Singer who came in 7th in season 5 of American Idol
Ace Young
2.5%
Quiz Playlist
Details
Report
Send in Message
Add To Playlist
More Info:
THERE IS NO X! THERE IS NO X! THE ANSWER WILL BEGIN WITH THAT LETTER IN BOTH THE FIRST NAME OR THE LAST NAME
Classic:
Type in answers that appear in a list
Forced Order:
Answers have to be entered in order
Last Updated: Feb 16, 2017
Quiz Scoreboard
CHALLENGE
Sign Up to Join the Scoreboard
Show All
Scores
Hide
Comments
May contain spoilers
Recently Published
Colored Red Africa Blitz
by spor1
Geography
30s
Find the 'City' Movie
by crazypaving
Movies
60s
5x2 Blitz: Bands
by SL_Kpop136
Music
30s
More to Explore
Quiz From the Vault
Featured Blog Post
14 Easter Pick-up Lines to Find Eggs With
hide this ad
You Might Also Like...
Tags
Celebrity Quiz
A-Z
Today's Top Quizzes in Just For Fun
Browse Just For Fun
hide this ad
Today's Top Quizzes in Celebrity
Browse Celebrity
Top Contributed Quizzes in Just For Fun
1
Name Just One - 10 to 1: Just For Fun
2
Ultimate Minefield Blitz VIII
3
Yarn Creations Logic Puzzle
4
Taylor Swift Logic Puzzle (Songs)
5
Kpop zombie apocalypse mystery (logic puzzle)
6
Survivor Winners Logic Puzzle
7
Quick 5-Color Logic (18)
8
Killer Double Trees 116 - Colour Mis-Match
9
Killer Double Trees 104 - Colour Mis-Match
10
Kyle's 122nd Triple Trees
Explore More
Trending Topics
Disney
Kpop
Harry Potter
Marvel
Anime
NBA
Crossword
Puzzle
Song
Soccer
NFL
Country
The Office
WWE
Pokémon
hide this ad
More By:
mauratwestr
Quiz
Plays
Rating
Category
Featured
Created
lizzie mcguire characters
1,564
1.60
Television
Jan 27, 2010
destinations in suite life on deck
443
1.00
Television
Jan 27, 2010
the t game
270
1.33
Language
Feb 6, 2010
the d game
241
1.00
Language
Feb 11, 2010
the o game
200
1.56
Language
Feb 2, 2010
Go to Creator's Profile
Score Distribution
Quiz Creator Spotlight
mauratwestr
Follow
Send a Message
Quizzes Created
-
Created Quiz Play Count
-
More By This Creator
Popular Quizzes Today
1
5x2 Blitz: Bands
2
Find the 'City' Movie
3
Colored Red Africa Blitz
4
Find the US States - No Outlines Minefield
5
The Countries of the World
6
Find the US States
7
9x9 Crossword: Cartoon Network
8
US States
More Just For Fun Quizzes
Quick Pick: Words Confusion
Published
Trending Quizzes
Colored Red Africa Blitz II
Colored Red Europe Blitz I
Christmas Pick: Judaism
Colored Red Africa Blitz III
Colored Red Europe Blitz II
Recently Updated
Champions League XIs: Real Madrid
pecheneg
Largest US Cities 1790-2010
pecheneg
Rides in Walt Disney World
pecheneg
Most Oscar Losses (Acting)
pecheneg
Beyoncé Albums
pecheneg
Leaping Animals
pecheneg
Reality TV Shows (A-Z)
bhenderson79
Rickey Henderson's Hall of Fame Teammates
pecheneg
Champions League XIs: Arsenal
pecheneg
Quick Pick: Celebrities in WWE's Hall of Fame
aduchscher
Trending Topics
Disney
Harry Potter
NBA
Crossword
Anime
Marvel
Kpop
Pokémon
The Office
Country
WWE
Soccer
NFL
Song
Puzzle
Your Account Isn't Verified!
In order to create a playlist on Sporcle, you need to verify the email address you used during registration. Go to your
Sporcle Settings
to finish the process.
Report this User
Report this user for behavior that violates our
Community Guidelines
.
Details:
Send Report
Go to the Sporcle.com Mobile Site →
Comments